000 00387nam a2200157Ia 4500
001 37812
005 20240114001946.0
007 ta
008 070619s g b000 u u
082 _a822.33
_bRo 71 An
100 _aRossiter, A P .
245 0 _aAngel with Horns /
_cA P Rossiter.
_hTextual Documents
653 _aEnglish Literature
942 _2ddc
_cBK
999 _c37788
_d37788